<?xml version="1.0" encoding="UTF-8"?>
<record
    xmlns:xsi="http://www.w3.org/2001/XMLSchema-instance"
    xsi:schemaLocation="http://www.loc.gov/MARC21/slim http://www.loc.gov/standards/marcxml/schema/MARC21slim.xsd"
    xmlns="http://www.loc.gov/MARC21/slim">

  <leader>03420nab a22006377  4500</leader>
  <controlfield tag="003">AR-RoUNA</controlfield>
  <datafield tag="022" ind1=" " ind2=" ">
    <subfield code="a">0327-9022</subfield>
  </datafield>
  <datafield tag="040" ind1=" " ind2=" ">
    <subfield code="a">AR-RoUNA</subfield>
    <subfield code="b">spa</subfield>
  </datafield>
  <datafield tag="041" ind1=" " ind2=" ">
    <subfield code="a">spa</subfield>
  </datafield>
  <datafield tag="044" ind1=" " ind2=" ">
    <subfield code="a">ag</subfield>
  </datafield>
  <datafield tag="245" ind1=" " ind2=" ">
    <subfield code="a">Summa+ / </subfield>
    <subfield code="b">HOTELES / COMERCIOS / OFICINAS</subfield>
  </datafield>
  <datafield tag="260" ind1=" " ind2=" ">
    <subfield code="a">Buenos Aires ,</subfield>
    <subfield code="c">1993</subfield>
  </datafield>
  <datafield tag="300" ind1=" " ind2=" ">
    <subfield code="a">128 p. :</subfield>
    <subfield code="b">il. byn.</subfield>
    <subfield code="b">planos</subfield>
    <subfield code="c">34 X25 cm.</subfield>
  </datafield>
  <datafield tag="505" ind1="0" ind2=" ">
    <subfield code="t">INDICE</subfield>
  </datafield>
  <datafield tag="505" ind1="0" ind2=" ">
    <subfield code="t">CONTENTS - HOTELES</subfield>
  </datafield>
  <datafield tag="505" ind1="0" ind2=" ">
    <subfield code="t">ESPACIALIDAD PIRANESIANA</subfield>
  </datafield>
  <datafield tag="505" ind1="0" ind2=" ">
    <subfield code="a">Baudizzone-Lestard / Provedo-Quintiero / Hotel Centro de Convenciones, Casino y Centro de entretenimiento en la ciudad de Rosario, Rosario, 2009. p. 4</subfield>
  </datafield>
  <datafield tag="505" ind1="0" ind2=" ">
    <subfield code="t">SEGUNDA PIEL</subfield>
  </datafield>
  <datafield tag="505" ind1="0" ind2=" ">
    <subfield code="a">Rodrigo Duque Motta - RafaelHevia Garc&#xED;a Huidobro / Casino y Hotel de Talca, Chile, 2008. p. 24</subfield>
  </datafield>
  <datafield tag="505" ind1="0" ind2=" ">
    <subfield code="t">CURVAS EN EL STRIP</subfield>
  </datafield>
  <datafield tag="505" ind1="0" ind2=" ">
    <subfield code="a">Pelli Clarke Pelli architects / Aria Resort &amp; Casino, Nevada, Estados Unidos, 2009. p. 34</subfield>
  </datafield>
  <datafield tag="505" ind1="0" ind2=" ">
    <subfield code="t">PLEGADO INTERIOR</subfield>
  </datafield>
  <datafield tag="505" ind1="0" ind2=" ">
    <subfield code="a">Graft-Lars Kr&#xFC;ckeberg-Wolfram Putz- Thomas Willemet / Hotel Q, Berl&#xED;n, Alemania, 2004. p. 42</subfield>
  </datafield>
  <datafield tag="505" ind1="0" ind2=" ">
    <subfield code="t">PATIO LATERAL</subfield>
  </datafield>
  <datafield tag="505" ind1="0" ind2=" ">
    <subfield code="a">Legorreta + Legorreta - Serrano Monjaraz / La purificadora Hotel Boutique, Puebla, Mexico, 2007. p. 48</subfield>
  </datafield>
  <datafield tag="505" ind1="0" ind2=" ">
    <subfield code="t">RESTAURAR, CONSERVAR, CONSOLIDAR</subfield>
  </datafield>
  <datafield tag="505" ind1="0" ind2=" ">
    <subfield code="a">Arquitectonica - L&#xF3;pez - Leyt - L&#xF3;pez - Yablon / CasaParan&#xE1; Hotel Boutique, Ciudad autonoma de Buenos Aires, 2009. p. 54</subfield>
  </datafield>
  <datafield tag="505" ind1="0" ind2=" ">
    <subfield code="t">COMERCIOS</subfield>
  </datafield>
  <datafield tag="505" ind1="0" ind2=" ">
    <subfield code="a">Alexandre Ribeiro Gon&#xE7;alves / Laboratorio de Investigaci&#xF3;n Ecol&#xF3;gica y Educaci&#xF3;n cient&#xED;fica de la Universidad Estadual de Goi&#xE1;s, Brasil. p. 2008</subfield>
  </datafield>
  <datafield tag="505" ind1="0" ind2=" ">
    <subfield code="t">ESPACIO RENOVABLES - BUENOS AIRES</subfield>
  </datafield>
  <datafield tag="505" ind1="0" ind2=" ">
    <subfield code="a">Alejandro Sticotti / Net, Showrrom, estudio de dise&#xF1;o y de arquitectura, Ciudad autonoma de Buenos Aires, 2009. p. 62</subfield>
  </datafield>
  <datafield tag="505" ind1="0" ind2=" ">
    <subfield code="t">FONDO Y LUZ</subfield>
  </datafield>
  <datafield tag="505" ind1="0" ind2=" ">
    <subfield code="t">Eli Bottrich de Ag&#xFC;ero, Sol Ag&#xFC;ero y Sebastian Ag&#xFC;ero / Iluminacion Ag&#xFC;ero, local de ventas, oficinas y de positos, Ciudad autonoma de Buenos Aires, 2009. p. 68</subfield>
  </datafield>
  <datafield tag="505" ind1="0" ind2=" ">
    <subfield code="t">ENLACES VISUALES</subfield>
  </datafield>
  <datafield tag="505" ind1="0" ind2=" ">
    <subfield code="a">HM.arq -Hitzig - Militello / Objeto A, Galer&#xED;a de Arte + Talleres, ciudad autonoma de Buenos Aires, 2008. p. 74</subfield>
  </datafield>
  <datafield tag="505" ind1="0" ind2=" ">
    <subfield code="t">OFICINAS</subfield>
  </datafield>
  <datafield tag="505" ind1="0" ind2=" ">
    <subfield code="t">ENVOLVENTE UNIFORME - CORDOBA</subfield>
  </datafield>
  <datafield tag="505" ind1="0" ind2=" ">
    <subfield code="a">AFT Atelman -Fourcade- Tapia / Nueva Sede Corporativa Benito Roggio e Hijos, C&#xF3;rdoba, 2008. p. 82</subfield>
  </datafield>
  <datafield tag="505" ind1="0" ind2=" ">
    <subfield code="t">PATAGONIA Y PATRIMONIO - COMODORO RIVADAVIA</subfield>
  </datafield>
  <datafield tag="505" ind1="0" ind2=" ">
    <subfield code="a">Hampton -Rivoira / Nuevas oficinas YPF en Comodora Rivadavia, Chubut, 2008. p. 90</subfield>
  </datafield>
  <datafield tag="505" ind1="0" ind2=" ">
    <subfield code="t">BORDE URBANO</subfield>
  </datafield>
  <datafield tag="505" ind1="0" ind2=" ">
    <subfield code="a">Lacroze Miguens Prati Arqs / Oficianas Working Ocampo, ciudad autonoma de Buenos Aires, 2008. p. 96</subfield>
  </datafield>
  <datafield tag="505" ind1="0" ind2=" ">
    <subfield code="a">Pablo Beit&#xED;a y Julio Centeno / Jorge Sabat&#xE9; y la nueva Argentina. p. 102</subfield>
  </datafield>
  <datafield tag="505" ind1="0" ind2=" ">
    <subfield code="a">Fernando Diez / M&#xE9;xico DF: 3er Foro Holcim. p. 114</subfield>
  </datafield>
  <datafield tag="505" ind1="0" ind2=" ">
    <subfield code="a">Igancio Ros de Olano / Las Vegas en papel. p. 117</subfield>
  </datafield>
  <datafield tag="505" ind1="0" ind2=" ">
    <subfield code="a">Rafael E. J. Iglesia / Como flecha en el aire. p. 119</subfield>
  </datafield>
  <datafield tag="505" ind1="0" ind2=" ">
    <subfield code="a">Roberto Fern&#xE1;ndez / El elemento Austroh&#xFA;ngaro: vida y proyectos californianos de Schindler. p. 122</subfield>
  </datafield>
  <datafield tag="505" ind1="0" ind2=" ">
    <subfield code="a">Mario Sabugo / Lugano, seg&#xFA;n Minelli. p. 126</subfield>
  </datafield>
  <datafield tag="505" ind1="0" ind2=" ">
    <subfield code="a">In&#xE9;s M&#xF6;isset / Bicentenario y arquitectura: Modelo para armar. p. 128</subfield>
  </datafield>
  <datafield tag="650" ind1=" " ind2=" ">
    <subfield code="a">Arquitectura contempor&#xE1;nea</subfield>
  </datafield>
  <datafield tag="773" ind1="0" ind2=" ">
    <subfield code="a">Summa+</subfield>
    <subfield code="d">Buenos Aires, Argentina</subfield>
    <subfield code="g">N&#xBA;109 (jul-2010), p. 128</subfield>
    <subfield code="x">0327-9022</subfield>
  </datafield>
  <datafield tag="908" ind1=" " ind2=" ">
    <subfield code="a">Imp</subfield>
  </datafield>
  <datafield tag="942" ind1=" " ind2=" ">
    <subfield code="2">udc</subfield>
    <subfield code="c">ART</subfield>
  </datafield>
  <datafield tag="945" ind1=" " ind2=" ">
    <subfield code="a">MBP</subfield>
    <subfield code="d">2022-07-08</subfield>
  </datafield>
  <datafield tag="980" ind1=" " ind2=" ">
    <subfield code="8">80</subfield>
    <subfield code="g">Ivana Pasquini</subfield>
    <subfield code="6">138</subfield>
    <subfield code="a">Carolina Rainero</subfield>
  </datafield>
  <datafield tag="999" ind1=" " ind2=" ">
    <subfield code="c">12172</subfield>
    <subfield code="d">12172</subfield>
  </datafield>
  <datafield tag="952" ind1=" " ind2=" ">
    <subfield code="0">0</subfield>
    <subfield code="1">0</subfield>
    <subfield code="2">udc</subfield>
    <subfield code="4">0</subfield>
    <subfield code="7">0</subfield>
    <subfield code="a">AR-RoUNA</subfield>
    <subfield code="b">AR-RoUNA</subfield>
    <subfield code="c">Heme</subfield>
    <subfield code="d">2025-10-13</subfield>
    <subfield code="e">Don</subfield>
    <subfield code="l">0</subfield>
    <subfield code="p">1002806</subfield>
    <subfield code="r">2025-10-13</subfield>
    <subfield code="t">ej. 1</subfield>
    <subfield code="w">2025-10-13</subfield>
    <subfield code="y">ART</subfield>
    <subfield code="k">K6</subfield>
    <subfield code="x"></subfield>
  </datafield>
</record>
